• 首页
  • 本馆介绍
  • 公告通知
  • 最新文献
  • 馆藏检索
  • 电子资源
  • 读者导购
  • 参考咨询
  • 我的图书馆
  • 登录
  • 详细信息显示
  • 放入我的书架
  • 预约/预借图书
  • 作者相关作品
  • 分类相关作品
  • 丛书相关作品
  • 出版社相关作品

书目信息

  • 表格格式
  • 工作单格式
  • 卡片格式
题名:
新农药研究与开发
    
 
作者: 王能武 , 陈万义 , 薛振祥 主编
分册:  
出版信息: 北京   化学工业出版社  1996
页数: 321
开本: 20cm
丛书名:
单 册:
中图分类: TQ45
科图分类:
主题词: 农药--化学工业
电子资源:
ISBN: 7-5025-1561-5
000 00665nam0 2200205 450
001 0754114953
005 20070929150154.95
010    @a7-5025-1561-5@dCNY19.00
100    @a20070929d km y0chiy0120 ea
101 0  @achi
200 1  @a新农药研究与开发@Axin nong yao yan jiu yu kai fa@f陈万义,薛振祥,王能武 主编@Fchen wan yi,xue zhen xiang,wang neng wu zhu bian
210    @a北京@c化学工业出版社@d1996
215    @a321@c插图@d20cm
606 0  @a农药@x化学工业
690    @aTQ45@v3
701  0 @a王能武@Awang neng wu@4主编
701  0 @a陈万义@Achen wan yi@4主编
701  0 @a薛振祥@Axue zhen xiang@4主编
801  0 @aCN@bPFT@c20070929
905    @a213230@dTQ45@eh49@f1
    
    新农药研究与开发/陈万义,薛振祥,王能武 主编.-北京:化学工业出版社,1996
    321:插图;20cm
    
    
    ISBN 7-5025-1561-5:CNY19.00
    
●
相关链接 在E读中查询图书 在五车中查询图书 在当当中查询图书 在豆瓣中查询图书


正题名:新农药研究与开发     索取号:TQ45/h49         预约/预借

序号 登录号 条形码 馆藏地/架位号 状态 备注
1 6000952   260009528   密集书库-化学系/ [索取号:TQ45/h49] 在馆    
唐山师范学院图书馆 欢迎您!
大连网信软件有限公司© 版权所有